| 000 | 00540nam a2200145 a 4500 | ||
|---|---|---|---|
| 008 | 150326s1994 ||||||||||||||||| || u | ||
| 050 | _aIBRD(06)CS/1994/4 | ||
| 110 | _aWorld Bank | ||
| 245 | 1 | 0 | _aTanzania: Agriculture |
| 260 |
_aWashington,D.C. _bWorld Bank _c1994 |
||
| 300 | _axl, 244p. : ill. | ||
| 490 | _aWorld Bank Country Study | ||
| 650 | 0 | _aAGRICULTURE--ECONOMIC ASPECTS--TANZANIA | |
| 995 |
_FCBU-MAIN LIBRARY (Kitwe) _M1 _UAVAILABLE _WMar 26, 2015 _ZInternational Publications |
||
| 999 |
_c59369 _d59369 |
||